Personnages de Chainsaw Man par images - Statistiques

Statistiques générales
  • Ce quiz a été pris 450 fois
  • Le résultat moyen est 6 sur 10
Statistiques - réponses
Par images Réponse % Correct
Denji
96%
Makima
94%
Power
86%
Pochita
85%
Aki Hayakawa
73%
Himeno
46%
Kobeni Higashiyama
37%
Kishibe
29%
Hirokazu Arai
13%
Akane Sawatari
10%
Aucun quiz correspondant
Distribution des résultats
% des personnes avec chaque résultat
Percentile par nombre de réponses
Votre historique - résultats
Vous n’avez pas pris ce quiz